000 00371 a2200157 4500
003 Nust
005 20230327130917.0
040 _cNust
082 _a891.4391,HAM
100 _aKashmeri, Hameed
_9111466
245 _aDhalan /
_cHameed Kashmeri
260 _aKarachi
_bMuktiba Dynial
300 _a815 ;p
650 _aUrdu Adab
_977031
942 _2ddc
_cBK
_k891.4391,HAM
999 _c187987
_d187987